Hank Azaria Filmography - Statistics

General Stats
  • This quiz has been taken 45 times
    14 since last reset
  • The average score is 40 of 119
Answer Stats
Type Year Name % Correct
TV Show 1986 Joe Bash
86%
TV Show 1989-Present The Simpsons
86%
TV Show 1990 Babes
71%
TV Show 1994 Beethoven
71%
TV Show 1988 Family Ties
71%
TV Show 1994, 2001-2003 Friends
71%
Video Game 2005 Friends: The One with All the Trivia
71%
TV Show 2001 Futurama
71%
TV Show 1989 Growing Pains
71%
TV Show 1991-1994 Herman's Head
71%
TV Show 2004-2006 Huff
71%
TV Show 1995 If Not for You
71%
TV Show 2002 Imagine That
71%
TV Show 1995-1999 Mad About You
71%
TV Show 1994-1996 Spider-Man: The Animated Series
71%
TV Show 1998 Stressed Eric
71%
TV Show 1995 Tales from the Crypt
71%
TV Show 1990 The Fresh Prince of Bel-Air
71%
TV Show 1995 What a Cartoon!
71%
TV Show 1990 The Rock
57%
Film 2011 Hop
43%
TV Film 1987 Morning Maggie
43%
Film 2009 Night at the Museum: Battle of the Smithsonian
43%
Video Game 2009 Night at the Museum: Battle of the Smithsonian
43%
Film 2007 The Simpsons Movie
43%
Film 2011 The Smurfs
43%
Film 2013 The Smurfs 2
43%
TV Film 1999 Tuesdays with Morrie
43%
Theater 2025 All In: Comedy About Love
29%
Film 2004 Along Came Polly
29%
Film 2001 America's Sweethearts
29%
Film 1997 Anastasia
29%
Film 2002 Bark!
29%
Film 1999 Bartok the Magnificent
29%
TV Show 2016 Bordertown
29%
TV Show 2017-2020 Brockmire
29%
Film 1998 Celebrity
29%
Documentary 2007 Chicago 10: Speak Your Peace
29%
Film 1990 Cool Blue
29%
Film 1999 Cradle Will Rock
29%
Film 2004 DodgeBall: A True Underdog Story
29%
Theater 2016 Dry Powder
29%
Film 2004 Eulogy
29%
TV Film 2000 Fail Safe
29%
TV Show 2013, 2014, 2015, 2019 Family Guy
29%
TV Film 1988 Frank Nitti: The Enforcer
29%
TV Show 2011 Free Agents
29%
Film 1998 Godzilla
29%
Film 1998 Great Expectations
29%
Film 1997 Grosse Pointe Blank
29%
Film 2011 Happy Feet Two
29%
Film 1995 Heat
29%
Web Series 2023 Hello Tomorrow!
29%
TV Pilot 1990 Hollywood Dog
29%
Film 1998 Homegrown
29%
Documentary 2013 I Know That Voice
29%
Film 2008 Immigrants
29%
Web Series 2022 Life & Beth
29%
Film 2013 Lovelace
29%
Film 2010 Love & Other Drugs
29%
TV Show 2016 Mack & Moxy
29%
Web Mini-Series 2018 Maniac
29%
Film 2005 Monty Python's Spamalot
29%
Theater 2005-2006 Monty Python's Spamalot
29%
Film 1999 Mystery, Alaska
29%
Short Film 2004 Nobody's Perfect
29%
Film 2016 Norman: The Moderate Rise and Tragic Fall of a New York Fixer
29%
Film 1995 Now and Then
29%
Film 2022 Out of the Blue
29%
Film 1990 Pretty Woman
29%
Film 1994 Quiz Show
29%
TV Show 2014-2016 Ray Donovan
29%
Short Film 2023 Rogue Not Quite One
29%
Film 2007 Run Fatboy Run
29%
Theater 2003 Sexual Perversity in Chicago
29%
Film 2003 Shattered Glass
29%
TV Special 2012 Stand Up to Cancer
29%
TV Show 2022 Super Pumped
29%
Documentary 2005 The Aristocrats
29%
Film 1996 The Birdcage
29%
TV Show 2011 The Cleveland Show
29%
Film 2025 The Electric State
29%
Theater 2007-2008 The Farnsworth Invention
29%
Film 2007 The Grand
29%
TV Show 2023 The Idol
29%
Web Series 2023 The Marvelous Mrs. Maisel
29%
Video Game 2007 The Simpsons Game
29%
Video Game 2003 The Simpsons Hit & Run
29%
Short Film 2011 The Smurfs: A Christmas Carol
29%
TV Short 2013 The Smurfs: The Legend of Smurfy Hollow
29%
TV Film 2017 The Wizard of Lies
29%
Documentary 2010 Under the Boardwalk: The Monopoly Story
29%
TV Film 2001 Uprising
29%
Film 2009 Year One
29%
Music Video 1999 All Star
14%
Video Game 1997 Anastasia: Adventures with Pooka and Bartok
14%
Short Film 2018 Ask Me If I Care
14%
TV Show 2010 Backwash
14%
Short Film 2021 Balenciaga
14%
Video Game 2004 Catwoman: The Game
14%
Short Film 1998 Chicken Little
14%
Film 2000 C-Scam
14%
Short Film 2000 CyberWorld
14%
Documentary Series 2014 Fatherhood
14%
TV Short 2016 Planet of the Couches
14%
Video Game 1999 Simpsons Bowling
14%
TV Documentary 2017 Springfield of Dreams: The Legend of Homer Simpson
14%
TV Show TBA The Artist
14%
Video Game 1996 The Simpsons: Cartoon Studio
14%
Short Film 2021 The Simpsons in Plusaversary
14%
Theme Park Ride 2008 The Simpsons Ride
14%
Video Game 2001 The Simpsons: Road Rage
14%
Video Game 2002 The Simpsons Skateboarding
14%
Video Game 2012 The Simpsons: Tapped Out
14%
Video Game 1997 The Simpsons: Virtual Springfield
14%
Video Game 2001 The Simpsons Wrestling
14%
Video Game 2015 Lego Dimensions
0%
Film 2002 The Simpsons: Backstage Pass
0%
TV Pilot 2013 Timms Valley
0%
No matching quizzes found
Score Distribution
Percent of People with Each Score
Percentile by Number Answered
Your Score History
You have not taken this quiz since the last reset